[Event "Mumbai Aurionpro GM op"]
[Site "Mumbai"]
[Date "2025.06.22"]
[Round "7"]
[White "Nguyen, Duc Hoa"]
[Black "Budhidharma, Nayaka"]
[Result "1-0"]
[WhiteElo "2378"]
[BlackElo "2369"]
[PlyCount "81"]
[EventDate "2025.06.16"]
[EventType "swiss"]
[EventRounds "9"]
[EventCountry "IND"]
[SourceTitle "CB26_2025"]
[SourceDate "2025.06.25"]
[SourceVersion "1"]
[SourceVersionDate "2025.06.25"]
[SourceQuality "1"]

1. d4 Nf6 2. Nf3 c5 3. d5 e6 4. Nc3 exd5 5. Nxd5 Nxd5 6. Qxd5 Be7 7. Bg5 Nc6 8. 0-0-0 Nb4 9. Bxe7 Qxe7 10. Qb3 d6 11. e3 Be6 12. Bb5+ Kf8 13. Bc4 d5 14. Be2 Bf5 15. Rd2 c4 16. Qa4 Bd7 17. Qa3 c3 18. Rd4 a5 19. Kb1 Bf5 20. Rc1 cxb2 21. Kxb2 Be6 22. Bb5 f6 23. Rf4 Nc6 24. Nd4 Nxd4 25. Rxd4 Qxa3+ 26. Kxa3 Ke7 27. Rb1 Rab8 28. Re1 f5 29. g4 g6 30. gxf5 gxf5 31. Rh4 h5 32. Rb1 Kf6 33. Be2 Rbg8 34. Rb6 Rg1 35. Bf3 Ke5 36. Rd4 Rc8 37. Bxd5 Re8 38. Bb3 Re1 39. Rb5+ Kf6 40. Rd6 a4 41. Kxa4 1-0

[Event "Eastern Asia zt 3.3"]
[Site "Ulaanbaatar"]
[Date "2025.04.26"]
[Round "5"]
[White "Ulziikhishig, Khishigbat"]
[Black "Nguyen, Duc Hoa"]
[Result "0-1"]
[WhiteElo "2196"]
[BlackElo "2372"]
[PlyCount "76"]
[EventDate "2025.04.23"]
[EventType "swiss"]
[EventRounds "9"]
[EventCountry "MGL"]
[SourceTitle "CB20_2025"]
[SourceDate "2025.05.14"]
[SourceVersion "1"]
[SourceVersionDate "2025.05.14"]
[SourceQuality "1"]

1. d4 d5 2. c4 e6 3. Nc3 Nf6 4. Bg5 Be7 5. e3 h6 6. Bh4 0-0 7. Bd3 dxc4 8. Bxc4 c5 9. Nf3 cxd4 10. exd4 a6 11. 0-0 b5 12. Be2 Nc6 13. Qd2 Bb7 14. Rfd1 Qb6 15. Qe3 Rfd8 16. a3 Nd5 17. Nxd5 Rxd5 18. Bxe7 Nxe7 19. Bd3 Rad8 20. Rac1 R5d6 21. Be4 Bxe4 22. Qxe4 Nc6 23. Kf1 Rd5 24. Ke2 a5 25. b3 R8d6 26. Rd2 f5 27. Qe3 Nxd4+ 28. Nxd4 Rxd4 29. Rxd4 Rxd4 30. f3 Qd6 31. g3 e5 32. Qc3 Kh7 33. Qxa5 b4 34. axb4 Rd2+ 35. Ke1 Rxh2 36. Qc5 Qd2+ 37. Kf1 Qe2+ 38. Kg1 Qg2# 0-1

[Event "Eastern Asia zt 3.3"]
[Site "Ulaanbaatar"]
[Date "2025.04.25"]
[Round "3"]
[White "Taher, Yoseph Theolifus"]
[Black "Nguyen, Duc Hoa"]
[Result "1/2-1/2"]
[WhiteElo "2464"]
[BlackElo "2372"]
[PlyCount "42"]
[EventDate "2025.04.23"]
[EventType "swiss"]
[EventRounds "9"]
[EventCountry "MGL"]
[SourceTitle "CB20_2025"]
[SourceDate "2025.05.14"]
[SourceVersion "1"]
[SourceVersionDate "2025.05.14"]
[SourceQuality "1"]

1. Nf3 Nf6 2. g3 g6 3. Bg2 Bg7 4. 0-0 d5 5. c4 0-0 6. cxd5 Nxd5 7. d4 Nb6 8. Nc3 Nc6 9. e3 Re8 10. h3 a5 11. d5 Ne5 12. Nd4 a4 13. Rb1 Nec4 14. b3 axb3 15. axb3 Nd6 16. Bb2 Bd7 17. Nce2 Ra2 18. Nc3 Ra6 19. Nce2 Ra2 20. Nc3 Ra6 21. Nce2 Ra2 1/2-1/2

[Event "Madurai Athens of the East op-A 4th"]
[Site "Madurai"]
[Date "2024.12.27"]
[Round "5"]
[White "Barath, Kalyan M"]
[Black "Nguyen, Duc Hoa"]
[Result "0-1"]
[WhiteElo "2186"]
[BlackElo "2358"]
[PlyCount "124"]
[EventDate "2024.12.24"]
[EventType "swiss"]
[EventRounds "10"]
[EventCountry "IND"]
[SourceTitle "CB02_2025"]
[SourceDate "2025.01.08"]
[SourceVersion "1"]
[SourceVersionDate "2025.01.08"]
[SourceQuality "1"]

1. b3 e5 2. Bb2 Nc6 3. c4 Nf6 4. e3 d5 5. cxd5 Nxd5 6. a3 Be6 7. Qc2 Qd7 8. Nf3 f6 9. b4 0-0-0 10. b5 Na5 11. d4 e4 12. Nfd2 f5 13. Nc3 Nb6 14. Be2 Qf7 15. Na4 Nb3 16. Nxb6+ axb6 17. Nxb3 Bxb3 18. Qc3 Bd6 19. a4 Bd5 20. a5 bxa5 21. Rxa5 Kd7 22. Ba3 Ra8 23. 0-0 Rxa5 24. Qxa5 b6 25. Qc3 Bxa3 26. Qxa3 Ra8 27. Qc3 Ra2 28. Rc1 Kc8 29. Bf1 Ra8 30. Ra1 Rxa1 31. Qxa1 g5 32. Qc1 f4 33. Qd1 h5 34. h4 f3 35. hxg5 Qf5 36. g3 h4 37. Qd2 Qxg5 38. Kh2 Kb7 39. Qe1 Be6 40. Qd2 Qf5 41. Kg1 Qg5 42. Kh2 Kb8 43. Qc3 hxg3+ 44. fxg3 Qh6+ 45. Kg1 Bh3 46. Bc4 Bd7 47. Qd2 Qg5 48. Kf2 Qh5 49. Kg1 Bxb5 50. Bxb5 Qxb5 51. Qa2 Qa5 52. Qf2 Qg5 53. Qe1 Qh6 54. Qd2 Qh3 55. Qe1 Qh6 56. Qd2 Qh3 57. Qf2 b5 58. d5 b4 59. Qd2 Qxg3+ 60. Kf1 Qg2+ 61. Qxg2 fxg2+ 62. Kxg2 b3 0-1

[Event "Madurai Athens of the East op-A 4th"]
[Site "Madurai"]
[Date "2024.12.26"]
[Round "4"]
[White "Nguyen, Duc Hoa"]
[Black "Srihari, LR."]
[Result "0-1"]
[WhiteElo "2358"]
[BlackElo "2484"]
[PlyCount "80"]
[EventDate "2024.12.24"]
[EventType "swiss"]
[EventRounds "10"]
[EventCountry "IND"]
[SourceTitle "CB02_2025"]
[SourceDate "2025.01.08"]
[SourceVersion "1"]
[SourceVersionDate "2025.01.08"]
[SourceQuality "1"]

1. d4 e6 2. Nf3 Nf6 3. c4 d5 4. g3 Bb4+ 5. Bd2 Be7 6. Bg2 Nbd7 7. Qc2 Ne4 8. 0-0 c6 9. Rd1 0-0 10. Be1 a5 11. Nbd2 f5 12. Nb3 Nd6 13. c5 Nf7 14. Bc3 Bf6 15. a4 e5 16. dxe5 Ndxe5 17. Nfd4 Nh6 18. Bd2 g5 19. Nf3 Nc4 20. Bc3 f4 21. Nbd4 Qe7 22. b3 Ne5 23. Qb2 fxg3 24. hxg3 Neg4 25. e3 Qf7 26. Re1 Qg6 27. Qb1 Nf5 28. Ra2 Bd7 29. e4 Nxd4 30. Bxd4 Bxd4 31. Nxd4 Qh5 32. Nf3 Rxf3 33. Bxf3 Qh2+ 34. Kf1 Rf8 35. Qd1 Ne5 36. Bg2 Bh3 37. Bxh3 Qxh3+ 38. Ke2 Qg2 39. Qd4 Qf3+ 40. Kf1 Qh1+ 0-1

[Event "VIE-ch"]
[Site "Hanoi"]
[Date "2024.03.15"]
[Round "8"]
[White "Nguyen, Duc Hoa"]
[Black "Dang, Anh Minh"]
[Result "1-0"]
[WhiteElo "2340"]
[BlackElo "2064"]
[PlyCount "67"]
[EventDate "2024.03.11"]
[EventType "swiss"]
[EventRounds "9"]
[EventCountry "VIE"]
[SourceTitle "CBM 219 Extra"]
[Source "ChessBase"]
[SourceDate "2024.05.31"]
[SourceVersion "1"]
[SourceVersionDate "2024.05.31"]
[SourceQuality "1"]

1. d4 Nf6 2. c4 e6 3. g3 Bb4+ 4. Bd2 a5 5. Bg2 0-0 6. Nf3 d5 7. 0-0 dxc4 8. Qc2 b5 9. a4 c6 10. axb5 Bxd2 11. Nfxd2 Qxd4 12. Nxc4 Qc5 13. Nba3 Nd5 14. Nxa5 Qxc2 15. Nxc2 cxb5 16. Rfd1 Ra6 17. Bxd5 exd5 18. Rxd5 Rb6 19. Nd4 b4 20. Nc4 Ra6 21. Rxa6 Bxa6 22. Nd6 Rd8 23. e4 Rd7 24. f3 g6 25. Kf2 Kf8 26. e5 Rc7 27. e6 Ke7 28. exf7 Nd7 29. Ne8 Rb7 30. b3 Nf8 31. Nc6+ Ke6 32. Re5+ Kd7 33. Nd4 Rb6 34. g4 1-0